Statistics for Grey's Anatomy

Click here to take the quiz!

General Stats

  • This quiz has been taken 1,762 times
  • The average score is 11 of 15

Answer Stats

HintAnswer% Correct
How many children do Derek and Meredith have? | How many siblings does Meredith have? | How many times did Merediths mother win the award above?2
99%
What season does Addison Montgomery move to LA?3
96%
What color is the dress Izzie wears when Denny dies?Pink
87%
Who does George cheat on Callie with?Izzie
86%
What is Merediths mothers name?Ellis
84%
What is Dereks youngest sisters name?Amelia
81%
What is the most prestigious award a surgeon can receive?Harper Avery
79%
Where did Derek live before Seattle?New York
73%
What is the name of the intern Alex falls in love with?Jo
72%
How did Dereks father die?Shot
66%
Where did Derek live when the show began?Trailer
57%
Who are Sofias parents?Mark Callie and Arizona
12%
Who is MAGIC?Meredith Alex George Izzie Christina
11%

Score Distribution

Percentile by Number Answered

Percent of People with Each Score

Your Score History

You have not taken this quiz